main character will wood lyrics - Statistics

General Stats
  • This quiz has been taken 58 times
  • The average score is 289 of 439
Answer Stats
Answer % Correct
a
100%
about
100%
all
100%
book
100%
I
100%
I'm
100%
in
100%
that
100%
the
100%
you
100%
books
98%
do
98%
no
98%
person
98%
talk
98%
first
95%
me
95%
see
95%
they
95%
an
93%
can
93%
how
93%
look
93%
perspective
93%
and
90%
And
90%
at
90%
it
90%
lick
90%
not
90%
to
90%
be
88%
don't
88%
just
88%
like
88%
doubt
85%
for
85%
being
83%
being,
83%
God
83%
human
83%
it's
83%
(it's
83%
seen
83%
average
80%
forbid
80%
main
80%
so
80%
so,
80%
who
80%
wrote
80%
as
78%
character
78%
have
78%
control
75%
imagine
75%
narrative
75%
those
75%
by
73%
died
73%
if
73%
mean,
73%
my
73%
scene
73%
throwing
73%
between
70%
come
70%
comedy
70%
reliably
70%
tragedy
70%
baby
68%
gap
68%
looks
68%
high
63%
horse
63%
of
63%
are
60%
off
60%
off?
60%
protagonists
60%
punching
60%
right
60%
but
58%
down
58%
holding
58%
myself
58%
now
58%
we
58%
your
58%
armor
55%
'cause
55%
dead
55%
grass
55%
hostage
55%
love
55%
man
55%
NPCs
55%
oh
55%
oh,
55%
plot
55%
snakes
55%
two
55%
enough
53%
fist
53%
from
53%
make
53%
stockholm
53%
Sun
53%
this
53%
would
53%
wrongs
53%
XP
53%
justice
50%
lefts
50%
loot
50%
lust
50%
shake
50%
well,
50%
beating
48%
bird!
48%
ego
48%
everywhere,
48%
her
48%
know
48%
plane!)
48%
road
48%
super
48%
that's
48%
ground
45%
Tzu
45%
villains
45%
hero
43%
sky
43%
low
40%
treats,
40%
antagonists
35%
tie
35%
traumas,
35%
trinkets,
35%
tropes,
35%
underdog
35%
cheer
33%
get
33%
evil
30%
tracks,
30%
train
30%
any
28%
lacked
28%
scheme
28%
snidely
28%
traits,
28%
trite,
28%
Da,
25%
twist
25%
bad
23%
laugh
23%
fucking
20%
thing
20%
where
20%
whiplash,
20%
ain't
15%
boris
15%
done
15%
ignoring
15%
majesty
15%
need
15%
boots
13%
darling,
13%
is
13%
me's
13%
new
13%
new)
13%
what
13%
badenov,
10%
emperor's
10%
royal
10%
through
10%
daleks
8%
das
8%
demand
8%
flu
8%
monologue
8%
nothing
8%
outsmart
8%
ray-gun
8%
still
8%
tweet
8%
author
5%
collars
5%
reverent,
5%
says
5%
spine
5%
standard
5%
with
5%
agreement
3%
Alice
3%
alternative
3%
astroturf
3%
beyond
3%
court
3%
cover
3%
facts
3%
fool
3%
got
3%
guillotine
3%
intact
3%
judge
3%
live
3%
made
3%
moustache
3%
shows
3%
siemens
3%
stake,
3%
them
3%
witches
3%
Wonderland,
3%
becomes
0%
dopamine
0%
embolden
0%
fell
0%
or
0%
Overton
0%
prose
0%
reproach
0%
royalty
0%
vendaya,
0%
zyklon-b
0%
No matching quizzes found
Score Distribution
Percent of People with Each Score
Percentile by Number Answered
Your Score History
You have not taken this quiz